000 00357 a2200169 4500
001 175169
020 _a85-16-02266-8
040 _cMagnum
100 _aSanta Rosa, Nereide Schilaro
240 1 0 _aCândido Portinari
_lpor
245 1 0 _aCândido Portinari
300 _a31
362 0 _a1999
440 1 _aModerna
697 _aPINTORES
942 _cBK
999 _c175169
_d175169